Provinces of China by First Letter - Statistics

General Stats
  • This quiz has been taken 41 times
    12 since last reset
  • The average score is 15 of 31
Answers on the Map
Answers color-coded by a green-red scale on the quiz's map according to % correct below.
 
Answer Stats
Type Province % Correct
Province Hainan
80%
Autonomous Region Inner Mongolia
80%
Autonomous Region Xinjiang Uyghur
70%
Province Zhejiang
70%
Province Guangdong
60%
Province Jilin
60%
Province Shanxi
60%
Autonomous Region Tibet
60%
Province Anhui
50%
Municipality Beijing
50%
Province Fujian
50%
Province Gansu
50%
Province Guizhou
50%
Province Hunan
50%
Municipality Shanghai
50%
Province Sichuan
50%
Municipality Tianjin
50%
Province Yunnan
50%
Municipality Chongqing
40%
Province Henan
40%
Province Jiangsu
40%
Province Liaoning
40%
Autonomous Region Ningxia
40%
Province Shaanxi
40%
Province Shandong
40%
Province Hebei
30%
Province Heilongjiang
30%
Province Jiangxi
30%
Province Qinghai
30%
Autonomous Region Guangxi
20%
Province Hubei
20%
No matching quizzes found
Score Distribution
Percent of People with Each Score
Percentile by Number Answered
Your Score History
You have not taken this quiz since the last reset